| 000 | 00532nam a22001817a 4500 | ||
|---|---|---|---|
| 003 | CEME | ||
| 005 | 20210628203125.0 | ||
| 008 | 210118b xxu||||| |||| 00| 0 eng d | ||
| 020 | _a0-12-470505-7 | ||
| 040 | _cceme | ||
| 082 | _a621.367 MAR | ||
| 100 |
_aMarchand-Maillet, Stephane , Sharaiha, Yazid .M _963452 |
||
| 245 | _aBinary digital image processing , a discrete approach | ||
| 260 |
_aNEW YORK _bACADEMIC PRESS _c2000 |
||
| 300 | _aXXV,251 P | ||
| 650 |
_aBINARY DIGITAL IMAGE PROCESSING.DIP _963453 |
||
| 942 |
_cBK _2ddc |
||
| 999 |
_c572270 _d572270 |
||